00241nam a2200109Ia 4500008004100000100001900041245002200060250000800082260002400090300000900114650000800123191201s2010 xx 000 0 und d aROSS,Stephen A 0aCorporate Finance aRep aN. delhibTMHc2010 a1105 aMBA